Score 0/25 Timer 06:00
0 Plays Today
% Correct
urinary tract infections
78.4%
David Schwimmer
77%
laser beams
76.8%
brains
76.1%
frowning
74.2%
solar panels
71.9%
seagulls
71.9%
Donald Trump
70.8%
bottoms
63.7%
babies
55.7%
flatulence
48.7%
sharing
48.4%
sex
47%
% Correct
rockfalls
42.8%
cocaine
40.5%
slime
39.6%
excrement
37.2%
probabilities
32.9%
robots
28.6%
muscle
25.9%
jazz
24.8%
walking backwards
24.4%
vibrating
21.3%
fire
18%
monkeys
9%
Remove Ads.
Support Sporcle.
Get the best of Sporcle when you Go Orange. This ad-free experience offers more features, more stats, and more fun while also helping to support Sporcle. Thank you for becoming a member.

You're not logged in!

Compare scores with friends on all Sporcle quizzes.
OR
Log In

Show Comments

Extras

Top Quizzes Today


Score Distribution

Your Account Isn't Verified!

In order to create a playlist on Sporcle, you need to verify the email address you used during registration. Go to your Sporcle Settings to finish the process.

Report this User

Report this user for behavior that violates our Community Guidelines.

Details: